Monographs on topics of modern mathematics, relevant to the elementary field
Αποθηκεύτηκε σε:
| Άλλοι συγγραφείς: | |
|---|---|
| Μορφή: | Βιβλίο |
| Γλώσσα: | English |
| Δημοσίευση: |
[New York] :
Dover Publications,
1955
|
| Θέματα: | |
| Ετικέτες: |
Προσθήκη ετικέτας
Δεν υπάρχουν, Καταχωρήστε ετικέτα πρώτοι!
|
MARC
| LEADER | 00000cam a2200000 i 4500 | ||
|---|---|---|---|
| 001 | 1/96153 | ||
| 008 | 081029s1955 eng d | ||
| 035 | |l 10101215 | ||
| 040 | |a GR-MY-UA |b gre |e aacr | ||
| 041 | 0 | |a eng | |
| 082 | 0 | |a 510 |2 (22) | |
| 245 | 1 | 0 | |a Monographs on topics of modern mathematics, relevant to the elementary field / |c edited by J. W. A. Young ; with a new introduction by Morris Kline |
| 260 | |a [New York] : |b Dover Publications, |c 1955 | ||
| 300 | |a xvi, 416 σ.; |b εικ.; |c 22 εκ. | ||
| 650 | 0 | 0 | |a Mathematics. |
| 700 | 1 | |a Young, J. W. A. |q (Jacob William Albert), |d 1865-1948. |4 edt | |
| 852 | |a INST |b SAMOS |c MAG |e 20081029 |h 510 MON |p 005300029756 |q 005300029756 |t BK |y 0 | ||
| 901 | |a BIBL3-2008-3 | ||
| 909 | |a Σ |b 134994 | ||
| 970 | |a ΣΙΤΖΙΜΗ |b ΓΙΑΣΕΜΗ |z 2008/10/29 | ||